<?xml version="1.0" encoding="UTF-8"?>
<record
    xmlns:xsi="http://www.w3.org/2001/XMLSchema-instance"
    xsi:schemaLocation="http://www.loc.gov/MARC21/slim http://www.loc.gov/standards/marcxml/schema/MARC21slim.xsd"
    xmlns="http://www.loc.gov/MARC21/slim">

  <leader>02584nam a22002417a 4500</leader>
  <controlfield tag="003">NALT</controlfield>
  <controlfield tag="005">20240805142304.0</controlfield>
  <controlfield tag="008">180305b        th ||||| |||| 00| 0 tha d</controlfield>
  <datafield tag="040" ind1=" " ind2=" ">
    <subfield code="a">NALT</subfield>
  </datafield>
  <datafield tag="050" ind1=" " ind2=" ">
    <subfield code="a">BQ 4425</subfield>
    <subfield code="b">&#xE1E;451&#xE2D; 2475</subfield>
  </datafield>
  <datafield tag="100" ind1="0" ind2=" ">
    <subfield code="9">26268</subfield>
    <subfield code="a">&#xE1E;&#xE25;&#xE49;&#xE2D;&#xE22; &#xE1E;&#xE23;&#xE1B;&#xE23;&#xE35;&#xE0A;&#xE32;</subfield>
  </datafield>
  <datafield tag="245" ind1="1" ind2="0">
    <subfield code="a">&#xE2D;&#xE1A;&#xE32;&#xE22;&#xE21;&#xE38;&#xE02; 6 :   </subfield>
    <subfield code="b">&#xE2B;&#xE19;&#xE31;&#xE07;&#xE2A;&#xE37;&#xE2D;&#xE2A;&#xE2D;&#xE19;&#xE1E;&#xE23;&#xE30;&#xE1E;&#xE38;&#xE17;&#xE18;&#xE28;&#xE32;&#xE2A;&#xE19;&#xE32;&#xE41;&#xE01;&#xE48;&#xE40;&#xE14;&#xE47;&#xE01; /</subfield>
    <subfield code="c">&#xE23;&#xE2D;&#xE07;&#xE2D;&#xE33;&#xE21;&#xE32;&#xE15;&#xE22;&#xE4C;&#xE40;&#xE2D;&#xE01; &#xE1E;&#xE25;&#xE49;&#xE2D;&#xE22; &#xE1E;&#xE23;&#xE1B;&#xE23;&#xE35;&#xE0A;&#xE32;.</subfield>
  </datafield>
  <datafield tag="260" ind1=" " ind2=" ">
    <subfield code="a">&#xE1E;&#xE23;&#xE30;&#xE19;&#xE04;&#xE23; :  </subfield>
    <subfield code="b">&#xE42;&#xE23;&#xE07;&#xE1E;&#xE34;&#xE21;&#xE1E;&#xE4C;&#xE42;&#xE2A;&#xE20;&#xE13;&#xE1E;&#xE34;&#xE1E;&#xE23;&#xE23;&#xE12;&#xE18;&#xE19;&#xE32;&#xE01;&#xE23;,</subfield>
    <subfield code="c">2475.</subfield>
  </datafield>
  <datafield tag="300" ind1=" " ind2=" ">
    <subfield code="a">78 &#xE2B;&#xE19;&#xE49;&#xE32; :</subfield>
    <subfield code="b">&#xE20;&#xE32;&#xE1E;&#xE1B;&#xE23;&#xE30;&#xE01;&#xE2D;&#xE1A; ;</subfield>
    <subfield code="c">16 &#xE0B;&#xE21;. </subfield>
  </datafield>
  <datafield tag="500" ind1=" " ind2=" ">
    <subfield code="a">&#xE1E;&#xE23;&#xE30;&#xE1A;&#xE32;&#xE17;&#xE2A;&#xE21;&#xE40;&#xE14;&#xE47;&#xE08;&#xE1E;&#xE23;&#xE30;&#xE40;&#xE08;&#xE49;&#xE32;&#xE2D;&#xE22;&#xE39;&#xE48;&#xE2B;&#xE31;&#xE27;&#xE17;&#xE23;&#xE07;&#xE1E;&#xE23;&#xE30;&#xE01;&#xE23;&#xE38;&#xE13;&#xE32;&#xE42;&#xE1B;&#xE23;&#xE14;&#xE40;&#xE01;&#xE25;&#xE49;&#xE32; &#xE2F; &#xE43;&#xE2B;&#xE49;&#xE1E;&#xE34;&#xE21;&#xE1E;&#xE4C;&#xE1E;&#xE23;&#xE30;&#xE23;&#xE32;&#xE0A;&#xE17;&#xE32;&#xE19;&#xE43;&#xE19;&#xE07;&#xE32;&#xE19;&#xE1E;&#xE23;&#xE30;&#xE23;&#xE32;&#xE0A;&#xE1E;&#xE34;&#xE18;&#xE35;&#xE27;&#xE34;&#xE28;&#xE32;&#xE02;&#xE1A;&#xE39;&#xE0A;&#xE32; &#xE1E;&#xE38;&#xE17;&#xE18;&#xE28;&#xE31;&#xE01;&#xE23;&#xE32;&#xE0A; 2475. </subfield>
  </datafield>
  <datafield tag="500" ind1=" " ind2=" ">
    <subfield code="a">&#xE2B;&#xE19;&#xE31;&#xE07;&#xE2A;&#xE37;&#xE2D;&#xE2A;&#xE2D;&#xE19;&#xE1E;&#xE23;&#xE30;&#xE1E;&#xE38;&#xE17;&#xE18;&#xE28;&#xE32;&#xE2A;&#xE19;&#xE32;&#xE41;&#xE01;&#xE48;&#xE40;&#xE14;&#xE47;&#xE01; &#xE23;&#xE2D;&#xE07;&#xE2D;&#xE33;&#xE21;&#xE32;&#xE15;&#xE22;&#xE4C;&#xE40;&#xE2D;&#xE01; &#xE1E;&#xE25;&#xE49;&#xE2D;&#xE22; &#xE1E;&#xE23;&#xE1B;&#xE23;&#xE35;&#xE0A;&#xE32; &#xE41;&#xE15;&#xE48;&#xE07; &#xE44;&#xE14;&#xE49;&#xE23;&#xE31;&#xE1A;&#xE1E;&#xE23;&#xE30;&#xE23;&#xE32;&#xE0A;&#xE17;&#xE32;&#xE19;&#xE23;&#xE32;&#xE07;&#xE27;&#xE31;&#xE25;&#xE0A;&#xE31;&#xE49;&#xE19;&#xE17;&#xE35;&#xE48; 1 &#xE43;&#xE19;&#xE01;&#xE32;&#xE23;&#xE1B;&#xE23;&#xE30;&#xE01;&#xE27;&#xE14;&#xE1B;&#xE23;&#xE30;&#xE08;&#xE33; &#xE1E;.&#xE28;. 2475 &#xE21;&#xE35;&#xE1E;&#xE23;&#xE30;&#xE23;&#xE32;&#xE0A;&#xE19;&#xE34;&#xE1E;&#xE19;&#xE18;&#xE4C;&#xE04;&#xE33;&#xE19;&#xE33;.</subfield>
  </datafield>
  <datafield tag="505" ind1="2" ind2=" ">
    <subfield code="a">&#xE1E;&#xE23;&#xE30;&#xE23;&#xE32;&#xE0A;&#xE19;&#xE34;&#xE1E;&#xE19;&#xE18;&#xE4C;&#xE04;&#xE33;&#xE19;&#xE33; -- &#xE23;&#xE32;&#xE22;&#xE07;&#xE32;&#xE19;&#xE01;&#xE23;&#xE23;&#xE21;&#xE01;&#xE32;&#xE23;&#xE23;&#xE32;&#xE0A;&#xE1A;&#xE31;&#xE13;&#xE11;&#xE34;&#xE15;&#xE22;&#xE2A;&#xE20;&#xE32; -- &#xE08;&#xE14;&#xE2B;&#xE21;&#xE32;&#xE22;&#xE09;&#xE30;&#xE1A;&#xE31;&#xE1A;&#xE17;&#xE35;&#xE48; 1 &#xE40;&#xE23;&#xE34;&#xE48;&#xE21;&#xE40;&#xE23;&#xE37;&#xE48;&#xE2D;&#xE07;&#xE2D;&#xE1A;&#xE32;&#xE22;&#xE21;&#xE38;&#xE02; -- &#xE08;&#xE14;&#xE2B;&#xE21;&#xE32;&#xE22;&#xE09;&#xE30;&#xE1A;&#xE31;&#xE1A;&#xE17;&#xE35;&#xE48; 2 &#xE27;&#xE48;&#xE32;&#xE14;&#xE49;&#xE27;&#xE22;&#xE42;&#xE17;&#xE29;&#xE01;&#xE32;&#xE23;&#xE14;&#xE37;&#xE48;&#xE21;&#xE19;&#xE49;&#xE33;&#xE40;&#xE21;&#xE32; -- &#xE08;&#xE14;&#xE2B;&#xE21;&#xE32;&#xE22;&#xE09;&#xE30;&#xE1A;&#xE31;&#xE1A;&#xE17;&#xE35;&#xE48; 3 &#xE27;&#xE48;&#xE32;&#xE14;&#xE49;&#xE27;&#xE22;&#xE42;&#xE17;&#xE29;&#xE40;&#xE17;&#xE35;&#xE48;&#xE22;&#xE27;&#xE01;&#xE25;&#xE32;&#xE07;&#xE04;&#xE37;&#xE19; -- &#xE08;&#xE14;&#xE2B;&#xE21;&#xE32;&#xE22;&#xE09;&#xE30;&#xE1A;&#xE31;&#xE1A;&#xE17;&#xE35;&#xE48; 4 &#xE27;&#xE48;&#xE32;&#xE14;&#xE49;&#xE27;&#xE22;&#xE42;&#xE17;&#xE29;&#xE14;&#xE39;&#xE01;&#xE32;&#xE23;&#xE40;&#xE25;&#xE48;&#xE19; -- &#xE08;&#xE14;&#xE2B;&#xE21;&#xE32;&#xE22;&#xE09;&#xE30;&#xE1A;&#xE31;&#xE1A;&#xE17;&#xE35;&#xE48; 5 &#xE27;&#xE48;&#xE32;&#xE14;&#xE49;&#xE27;&#xE22;&#xE42;&#xE17;&#xE29;&#xE01;&#xE32;&#xE23;&#xE40;&#xE25;&#xE48;&#xE19;&#xE1E;&#xE30;&#xE19;&#xE31;&#xE19; -- &#xE08;&#xE14;&#xE2B;&#xE21;&#xE32;&#xE22;&#xE09;&#xE30;&#xE1A;&#xE31;&#xE1A;&#xE17;&#xE35;&#xE48; 6 &#xE27;&#xE48;&#xE32;&#xE14;&#xE49;&#xE27;&#xE22;&#xE42;&#xE17;&#xE29;&#xE04;&#xE1A;&#xE04;&#xE19;&#xE0A;&#xE31;&#xE48;&#xE27;&#xE40;&#xE1B;&#xE49;&#xE19;&#xE21;&#xE34;&#xE15;&#xE23;&#xE4C; -- &#xE08;&#xE14;&#xE2B;&#xE21;&#xE32;&#xE22;&#xE09;&#xE30;&#xE1A;&#xE31;&#xE1A;&#xE17;&#xE35;&#xE48; 7 &#xE27;&#xE48;&#xE32;&#xE14;&#xE49;&#xE27;&#xE22;&#xE42;&#xE17;&#xE29;&#xE01;&#xE32;&#xE23;&#xE40;&#xE35;&#xE22;&#xE08;&#xE04;&#xE23;&#xE49;&#xE32;&#xE19;.</subfield>
  </datafield>
  <datafield tag="650" ind1=" " ind2="4">
    <subfield code="9">22338</subfield>
    <subfield code="a">&#xE2D;&#xE1A;&#xE32;&#xE22;&#xE21;&#xE38;&#xE02;</subfield>
  </datafield>
  <datafield tag="650" ind1=" " ind2="4">
    <subfield code="a">&#xE2B;&#xE19;&#xE31;&#xE07;&#xE2A;&#xE37;&#xE2D;&#xE2A;&#xE2D;&#xE19;&#xE28;&#xE32;&#xE2A;&#xE19;&#xE32;</subfield>
    <subfield code="z">&#xE44;&#xE17;&#xE22; </subfield>
    <subfield code="9">26258</subfield>
  </datafield>
  <datafield tag="850" ind1=" " ind2=" ">
    <subfield code="a">NALT</subfield>
  </datafield>
  <datafield tag="942" ind1=" " ind2=" ">
    <subfield code="2">local</subfield>
    <subfield code="c">RRB</subfield>
  </datafield>
  <datafield tag="996" ind1=" " ind2=" ">
    <subfield code="a">saiphon.d</subfield>
    <subfield code="b">CATSTF	</subfield>
    <subfield code="c">2024-08-05</subfield>
  </datafield>
  <datafield tag="999" ind1=" " ind2=" ">
    <subfield code="c">94344</subfield>
    <subfield code="d">94344</subfield>
  </datafield>
  <datafield tag="998" ind1=" " ind2=" ">
    <subfield code="j">104</subfield>
    <subfield code="k"> &#xE19;&#xE32;&#xE07;&#xE2A;&#xE32;&#xE27;&#xE2A;&#xE32;&#xE22;&#xE1D;&#xE19;  &#xE14;&#xE35;&#xE07;&#xE32;&#xE21;</subfield>
  </datafield>
  <datafield tag="952" ind1=" " ind2=" ">
    <subfield code="0">0</subfield>
    <subfield code="1">0</subfield>
    <subfield code="2">local</subfield>
    <subfield code="4">0</subfield>
    <subfield code="7">0</subfield>
    <subfield code="8">CRRB</subfield>
    <subfield code="a">NALT</subfield>
    <subfield code="b">NALT</subfield>
    <subfield code="c">RRB</subfield>
    <subfield code="d">2018-03-05</subfield>
    <subfield code="l">0</subfield>
    <subfield code="o">BQ 4425 &#xE1E;451&#xE2D; 2475</subfield>
    <subfield code="p">3961214349</subfield>
    <subfield code="r">2024-08-07 00:00:00</subfield>
    <subfield code="w">2018-03-05</subfield>
    <subfield code="y">RRB</subfield>
  </datafield>
</record>
